ბათუმის შოთა რუსთაველის სახელმწიფო უნივერსიტეტის ბიბლიოთეკა

საქართველოს წიფლნარები / (ბიბ.ჩანაწერი № 35376)

000 -ლიდერი
ფიქსირებული სიგრძის საკონტროლო ველი 01205nam a2200253Ia 4500
001 - საკონტროლო ნომერი
საკონტროლო ველი 1229
003 - საკონტროლო ნომრის იდენტიფიკატორი
საკონტროლო ველი GE_BSU
005 - ბოლო ოპერაციის თარიღი და დრო
საკონტროლო ველი 20250324145502.0
008 - ფიქსირებული სიგრძის მონაცემთა ელემენტები - ზოგადი ინფორმაცია
ფიქსირებული სიგრძის საკონტროლო ველი 181216s2002||||ge |||||||||||||| ||geo||
040 ## - კატალოგიზაციის წყარო
Transcribing agency GE_BSU
041 ## - ენის კოდი
Language code of text/sound track or separate title geo
080 ## - უნივერსალური ათობითი კლასიფიკაციის ინდექსი
Universal Decimal Classification number 630(075.8) ბ-37
100 ## - მთავარი ჩანაწერი - პიროვნების სახელი
Personal name ბახსოლიანი, ტარიელ.
9 (RLIN) 24653
245 ## - ცნობა სათაურის შესახებ
Title საქართველოს წიფლნარები /
Statement of responsibility, etc ტარიელ ბახსოლიანი, რედ. გიგაური გიორგი.
264 ## - წარმოების, გამოცემის, დისტრიბუციის და სხვა ცნობები
გამოცემის, წარმოების, დისტრიბუციის... ადგილი თბილისი:
გამოცემის, წარმოების, დისტრიბუციის... სახელწოდება სამთო მეტყევეობის ინსტიტუტი,
გამოცემის, წარმოების, დისტრიბუციის... თარიღი 2002.
300 ## - ფიზიკური აღწერა
Extent 280 გვ.:
Other physical details 19 სმ.
504 ## - BIBLIOGRAPHY, ETC. NOTE
Bibliography, etc ბიბლიოგრ.: გვ. 255-278.
520 ## - SUMMARY, ETC.
Summary, etc რეზ. რუს. და ინგლ. ენ.
653 ## - INDEX TERM--UNCONTROLLED
Uncontrolled term საქართველოს წიფლნარები.
653 ## - INDEX TERM--UNCONTROLLED
Uncontrolled term წიფლნარი ტყეები საქართველოში.
700 ## - ADDED ENTRY--PERSONAL NAME
Personal name გიგაური, გიორგი
9 (RLIN) 5991
710 ## - ADDED ENTRY--CORPORATE NAME
Corporate name or jurisdiction name as entry element საქ. მეცნ. აკად. სამთო მეტყევეობის ინ-ტი.
9 (RLIN) 24654
942 ## - ADDED ENTRY ELEMENTS (KOHA)
Koha item type წიგნი
Source of classification or shelving scheme
ეგზემპლარები
ჩამოწერის სტატუსი დაკარგული ეგზემპლარის სტატუსი კლასიფიკაციის წყარო ან თაროზე გაწყობის სქემა დაზიანების სტატუსი არ გაიცემა მუდმივი მდებარეობა (დაცვის ადგილი) ამჟამინდელი ადგილსამყოფელი თაროზე განთავსების ადგილი შეძენის თარიღი ღირებულება, შესყიდვის ნორმალური ფასი სრული შენახვის შიფრი შტრიხკოდი ბოლო ოპერაციის თარიღი ეგზემპლარის მიმდევრობითი ნომერი (კეტერი?) ფასის ძალაში შესვლის თარიღი ეგზემპლარის სახეობა საჯარო შენიშვნა
          აგრარული და მემბრანული ტექნოლოგიების ინსტიტუტის ბიბლიოთეკა აგრარული და მემბრანული ტექნოლოგიების ინსტიტუტის ბიბლიოთეკა წიგნსაცავი 2018-12-17 12.00 630(075.8) ბ-37 2830 2018-12-17 2830 2018-12-17 წიგნი 12.00